000 00349 a2200157 4500
001 75283
020 _a8587588036
040 _cAnchieta - Colégio São Paulo
100 _aSouza, Laé de
240 1 0 _aAcredite se quiser
_lpor
245 1 0 _aAcredite se quiser
300 _a128
362 0 _a9
650 4 _aCrônicas brasileiras
942 _cBK
999 _c75283
_d75283